LIBRARY & INFORMATION CENTRE, KCAET, TAVANUR

ONLINE PUBLIC ACCESS CATALOGUE (OPAC)

Physiology of domestic animals / (Record no. 8533)

MARC details
000 -LEADER
fixed length control field 00401cam a2200157ua 4500
041 ## - LANGUAGE CODE
Language code of text/sound track or separate title eng
082 ## - DEWEY DECIMAL CLASSIFICATION NUMBER
Classification number 636.0892
Item number DUK/PH
100 ## - MAIN ENTRY--AUTHOR NAME
Personal name Dukes, H H .
245 ## - TITLE STATEMENT
Title Physiology of domestic animals /
250 ## - EDITION STATEMENT
Edition statement 7 /
260 ## - PUBLICATION, DISTRIBUTION, ETC. (IMPRINT)
Place of publication New York :
Name of publisher Comstock Publishing Associates ,
Year of publication 1960.
300 ## - PHYSICAL DESCRIPTION
Number of Pages 1020 ; .
942 ## - ADDED ENTRY ELEMENTS (KOHA)
Koha item type Books
Holdings
Withdrawn status Lost status Damaged status Home library Current library Date acquired Full call number Accession Number Koha item type
      KAUAET KAUAET 07/04/2012 636.0892 5341 Books
free website counter